The fortune at the bottom of the pyramid : (Record no. 38547)

MARC details
000 -LEADER
fixed length control field 01093nam a22002417a 4500
005 - DATE AND TIME OF LATEST TRANSACTION
control field 2010080209249.0
010 ## - LCCN (DPL NO)
LC control number ENG-97660 B-422634
020 ## - INTERNATIONAL STANDARD BOOK NUMBER
International Standard Book Number 9788131730805
Terms of availability 650.00
035 ## - SYSTEM CONTROL NUMBER
System control number EN-81193
037 ## - SOURCE OF ACQUISITION
Source of stock number/acquisition DBAD/PUB
037 ## - SOURCE OF ACQUISITION
Source of stock number/acquisition RP/CL/UBH/263/31.1.2011
082 ## - DEWEY DECIMAL CLASSIFICATION NUMBER
Edition number 5th
Classification number 339.46091724
100 ## - MAIN ENTRY--PERSONAL NAME
Personal name Prahalad, C.K.
245 ## - TITLE STATEMENT
Title The fortune at the bottom of the pyramid :
Remainder of title eradicating poverty through profits /
Statement of responsibility, etc by C. K. Prahalad
260 ## - PUBLICATION, DISTRIBUTION, ETC. (IMPRINT)
Place of publication, distribution, etc New Delhi
Name of publisher, distributor, etc Dorling Kindersley
Date of publication, distribution, etc 2010
270 ## - ADDRESS
Address 14 Local Shopping Centre, Panchsheel Park,
City New Delhi
Postal code 110017
300 ## - PHYSICAL DESCRIPTION
Extent xxii, 407p.
Other physical details CD-ROM
Dimensions 23cm (Hb)
500 ## - GENERAL NOTE
General note Includes index
942 ## - ADDED ENTRY ELEMENTS (KOHA)
Source of classification or shelving scheme Dewey Decimal Classification
Item type English Books
Classification part 339.46091724
Call number suffix PRA
Holdings
Withdrawn status Lost status Not for loan Collection code Home library Current library Date acquired Source of acquisition Cost, normal purchase price Full call number Barcode Copy number Cost, replacement price Koha item type
        Central Library Central Library 15/03/2011 RP/CL 650.00 339.46091724 PRA B-422634 1 650.00 English Books
    Not For Loan Non-fiction D.B.Act.Division D.B.Act.Division 02/08/2010 DBAD/PUB 650.00 339.46091724 PRA EN-81193 1 650.00 English Books

© Delhi Public Library
Hit Counter
free hit counter